000 004450000a22001810004500
003 MACL
005 20150911165007.0
008 150911b xxu||||| |||| 00| 0 eng d
040 _aMACL
_cMACL
041 _aEnglish
082 _a823/ASA
100 _aAsaduddin, M
_98279
245 _aThe Penguin Book of Classic Urdu Stories
260 _bPenguin Books
_c2006
_aNew Delhi
350 _a395
650 _aFicition
_9964
942 _cBK
_k823
_2ddc
999 _c8479
_d8479